• 首页
  • 本馆介绍
  • 公告通知
  • 最新文献
  • 馆藏检索
  • 电子资源
  • 读者导购
  • 参考咨询
  • 我的图书馆
  • 登录
  • 详细信息显示
  • 放入我的书架
  • 预约/预借图书
  • 作者相关作品
  • 分类相关作品
  • 丛书相关作品
  • 出版社相关作品

书目信息

  • 表格格式
  • 工作单格式
  • 卡片格式
题名:
你应该知道的180个节日
    
 
作者: 吴紫桐 编著
分册:  
出版信息: 哈尔滨   哈尔滨出版社  2009
页数: 201页
开本: 24cm
丛书名:
单 册:
中图分类: K891.1
科图分类:
主题词: 节日--简介--世界 , 纪念日--简介--世界 , 节日 , 纪念日
电子资源:
ISBN: 978-7-80753-242-2
000 00988nam0 2200277 45
001 1029464742
005 20100428095330.09
010    @a978-7-80753-242-2@dCNY23.80
100    @a20100426d2009 em y0chiy50 ea
101 0  @achi
102    @aCN@b230000
105    @aa z 000yy
106    @ar
200 1  @a你应该知道的180个节日@ANi Ying Gai Zhi Dao De 180 Ge Jie Ri@f吴紫桐编著@FWu Zi Tong Bian Zhu
210    @a哈尔滨@c哈尔滨出版社@d2009
215    @a201页@c图@d24cm
300    @a中国人鉴赏百科
330    @a本书精选了180个世界各国、各民族的主要节日,涵盖了天文、神祗、自然、信仰、经济、社会、人文、审美等方面,按节日的时间顺序逐一介绍了节日的来历故事、庆祝活动、节日饮食、风俗禁忌、传统服饰等,阐述了这些节日的文化内涵以及历史文明。
606 0  @a节日@x简介@y世界
606 0  @a纪念日@x简介@y世界
606 0  @a节日
606 0  @a纪念日
690    @aK891.1@v4
701  0 @a吴紫桐@AWu Zi Tong@4编著
801  0 @aCN@bTANGWEI@c20100428
905    @b0595918-22@dK891.1@e161@f5
    
    你应该知道的180个节日/吴紫桐编著.-哈尔滨:哈尔滨出版社,2009
    201页:图;24cm
    中国人鉴赏百科
    
    ISBN 978-7-80753-242-2:CNY23.80
    本书精选了180个世界各国、各民族的主要节日,涵盖了天文、神祗、自然、信仰、经济、社会、人文、审美等方面,按节日的时间顺序逐一介绍了节日的来历故事、庆祝活动、节日饮食、风俗禁忌、传统服饰等,阐述了这些节日的文化内涵以及历史文明。
●
相关链接 在E读中查询图书 在五车中查询图书 在当当中查询图书 在豆瓣中查询图书


正题名:你应该知道的180个节日     索取号:K891.1/161         预约/预借

序号 登录号 条形码 馆藏地/架位号 状态 备注
1 0595918   205959186   第二样本阅览室/ [索取号:K891.1/161] 在馆    
2 0595919   205959195   第二借阅区/ [索取号:K891.1/161] 在馆    
3 0595920   205959202   第二借阅区/ [索取号:K891.1/161] 在馆    
4 0595921   205959211   第二借阅区/ [索取号:K891.1/161] 在馆    
5 0595922   205959220   第二借阅区/ [索取号:K891.1/161] 在馆    
唐山师范学院图书馆 欢迎您!
大连网信软件有限公司© 版权所有